000 00536nam a22001577a 4500
005 20191217042654.0
008 170609b xxu||||| |||| 00| 0 spa d
040 _aCO-BoIAVH
_cCO-BoIAVH
041 _aspa
044 _ack
110 _aINDERENA
_912933
245 _aEFECTOS DE REGULADORES HORMONALES SOBRE EL CRECIMIENTO Y DESARROLLO EN PLANTULAS DE VIVERO EN ESPECIES FORESTALES
_bInvestigaciones Forestales
260 _aBogota:
_bINDERENA,
_c.
300 _a23 paginas folleto
_bilustracion a color
_c16 x 24 cm
942 _2z
_cFolleto
999 _c19590
_d19590